00261nam a2200109Ia 4500008004100000041000800041082001000049100001800059245002000077260003700097650001700134240830s1981 xx 000 0 und d aeng a0 S.D aS.D. KULKARNI aRASOUDHI NIRMAN bM.V.GRANTH MANDAL , NAGPURc1981 aRASA-SHASTRA